始発列車が4時台のJR西日本の駅 - Statistics

General Stats
  • This quiz has been taken 15 times
  • The average score is 67 of 103
Answer Stats
府県 駅名 時刻 種別 行き先 % Correct
奈良県 奈良 普通 JR難波
100%
大阪府 天王寺 普通 鶴橋・京橋方面
100%
大阪府 大阪 4:55 普通 京橋・鶴橋方面
100%
奈良県 王寺 4:36 普通 JR難波
92%
島根県 出雲市 特急 岡山
92%
兵庫県 西明石 普通 京都
92%
大阪府 京橋 普通 大阪・西九条方面
92%
大阪府 鶴橋 普通 京橋・大阪方面
92%
大阪府 高槻 普通 加古川,京都
92%
滋賀県 米原 快速 網干
92%
京都府 福知山 4:45 普通 園部
85%
兵庫県 明石 4:48 普通 京都
85%
山口県 岩国 普通 糸崎
85%
大阪府 新今宮 普通 西九条・大阪方面
85%
京都府 木津 普通 京都
85%
滋賀県 草津 4:57 快速 姫路
85%
兵庫県 神戸 普通 京都
85%
大阪府 日根野 4:35 普通 天王寺
77%
大阪府 4:39 普通 天王寺
77%
京都府 園部 4:44 普通 京都
77%
滋賀県 野洲 快速 姫路
77%
大阪府 三国ケ丘 普通 天王寺
77%
広島県 福山 普通 姫路
77%
滋賀県 守山 快速 姫路
77%
鳥取県 米子 普通 倉吉
77%
奈良県 平城山 普通 京都
77%
大阪府 桃谷 普通 鶴橋・京橋方面
77%
奈良県 郡山 普通 JR難波
77%
大阪府 今宮 普通 西九条・大阪方面
77%
大阪府 森ノ宮 普通 鶴橋・天王寺方面
77%
大阪府 熊取 4:38 普通 天王寺
69%
岡山県 津山 4:47 普通 岡山
69%
大阪府 柏原 4:49 普通 JR難波
69%
大阪府 堺市 普通 天王寺
69%
大阪府 桜ノ宮 普通 大阪・西九条方面
69%
大阪府 寺田町 普通 鶴橋・京橋方面
69%
兵庫県 舞子 普通 京都
69%
滋賀県 栗東 快速 姫路
69%
大阪府 我孫子町 4:56 普通 天王寺
69%
大阪府 大阪城公園 普通 鶴橋・天王寺方面
69%
大阪府 久宝寺 普通 JR難波
69%
大阪府 放出 普通 京橋
69%
大阪府 玉造 普通 京橋・大阪方面
69%
和歌山県 和歌山 普通 天王寺
69%
大阪府 長居 普通 天王寺
69%
京都府 綾部 4:59 普通 園部
69%
兵庫県 塩屋 普通 京都
69%
滋賀県 南草津 快速 姫路
69%
奈良県 大和小泉 普通 JR難波
69%
奈良県 三郷 普通 JR難波
62%
大阪府 東佐野 4:40 普通 天王寺
62%
大阪府 和泉橋本 4:42 普通 天王寺
62%
大阪府 河内堅上 普通 JR難波
62%
大阪府 東貝塚 普通 天王寺
62%
大阪府 高井田 4:46 普通 JR難波
62%
大阪府 東岸和田 普通 天王寺
62%
岡山県 新見 快速 中国勝山
62%
兵庫県 朝霧 4:51 普通 京都
62%
島根県 宍道 特急 岡山
62%
大阪府 天満 普通 大阪・西九条方面
62%
山口県 和木 普通 糸崎
62%
兵庫県 新三田 普通 吹田
62%
大阪府 杉本町 普通 天王寺
62%
大阪府 八尾 普通 JR難波
62%
兵庫県 垂水 普通 京都
62%
大阪府 信太山 普通 天王寺
62%
大阪府 芦原橋 4:58 普通 西九条・大阪方面
62%
大阪府 鴫野 普通 京橋
62%
大阪府 住道 普通 新三田
62%
和歌山県 紀伊中ノ島 普通 天王寺
62%
大阪府 北信太 普通 天王寺
62%
大阪府 上野芝 4:43 普通 天王寺
54%
大阪府 百舌鳥 普通 天王寺
54%
京都府 石原 4:50 普通 園部
54%
大阪府 久米田 普通 天王寺
54%
兵庫県 宝塚 普通 木津
54%
大阪府 志紀 普通 JR難波
54%
大阪府 四条畷 4:53 普通 新三田
54%
大阪府 和泉府中 4:54 普通 天王寺
54%
京都府 千代川 普通 京都
54%
兵庫県 三田 普通 吹田
54%
鳥取県 伯耆大山 普通 倉吉
54%
滋賀県 近江今津 普通 京都
54%
大阪府 加美 普通 JR難波
54%
大阪府 福島 普通 西九条・新今宮方面
54%
京都府 吉富 普通 京都
46%
京都府 八木 普通 京都
46%
大阪府 浅香 4:52 普通 天王寺
46%
兵庫県 中山寺 普通 木津
46%
大阪府 野崎 普通 新三田
46%
広島県 東福山 普通 姫路
46%
京都府 並河 普通 京都
46%
兵庫県 川西池田 普通 木津
46%
京都府 上狛 普通 京都
46%
大阪府 津久野 4:41 普通 天王寺
38%
大阪府 下松 普通 天王寺
38%
鳥取県 東山公園 普通 倉吉
38%
広島県 大竹 普通 糸崎
38%
広島県 大門 普通 姫路
38%
岡山県 津山口 普通 岡山
31%
京都府 高津 普通 園部
31%
岡山県 東津山 快速 上月
31%
岡山県 佐良山 普通 岡山
23%
No matching quizzes found
Score Distribution
Percent of People with Each Score
Percentile by Number Answered
Your Score History
You have not taken this quiz